000 01308nam a2200205 a 4500
008 161215t2004 ag |||g |||| 00| 1 spa d
020 _a9500301245
041 _aspa
092 _c808
_l10
_sCAS
100 1 _aCasona, Alejandro
_93267
245 4 _aLos árboles mueren de pie.
_bComedia en tres actos /
_cAlejandro Casona
250 _a38a ed.
_bPrólogo y notas Stella Maris H. Miravalles
260 _aBuenos Aires:
_bLosada;
_c2004.
300 _a151 p.
500 _aCasona, A. (2004). Los árboles mueren de pie. Comedia en tres actos. (38a ed.). Buenos Aires : Losada.
505 _aEsta obra está vinculada, por sus escenas iniciales, con otra anterior: Prohibido suicidarse en primavera, ya que ambas se relacionan con una institución de caridad -de características muy peculiares- fundada por el doctor Ariel, "que pretende llegar a la caridad, por medio de la poesía". El título adelanta como temática central, el poder de la voluntad movida por fines altruistas, capaz del disimulo aún en circunstancias en que un dolor muy grande nos haga morir por dentro. Al final del drama es la misma abuela Eugenia, destacada como protagonista, quien se encarga de aclararlo.
590 _aProyecto 4to libro. Donación Adriana Navarro. Febrero 2019
655 _aTeatro
_93268
942 _2ddc
_cLIT
999 _c2862
_d2862